Hide Your 'V' Movies Quiz Stats

 Plays Quiz not verified by Sporcle

Support Sporcle.
Go Orange.
Score 0/21 Timer 06:00
1 Play Today
% Correct
Van Helsing
(2004)
92.8%
Volcano
(1997)
92.7%
Victoria & Abdul
(2017)
91.8%
Vice
(2018)
91.7%
Varsity Blues
(1999)
90.9%
Viva Zapata!
(1952)
90.7%
Vertigo
(1958)
89.5%
Venom
(2018)
89%
Victor|Victoria
(1982)
87.8%
Vacation
(1983)
87.6%
Vicky Cristina
Barcelona
(2008)
87.5%
% Correct
A View to a Kill
(1985)
86.2%
V for Vendetta
(2005)
85.7%
Valkyrie
(2008)
85.1%
The Virgin
Suicides
(1999)
84.5%
The Village
(2004)
84%
Videodrome
(1983)
81%
Viva Las Vegas
(1964)
78.8%
Vantage Point
(2008)
78.3%
Vanilla Sky
(2001)
74.8%
The Visit
(2015)
67.9%

You're not logged in!

Compare scores with friends on all Sporcle quizzes.
OR
Log In

From the Vault

Closest Capitals

by phil_quiz

These capitals sure know how to cut it close.
Remove Ads.
Support Sporcle.
Get the best of Sporcle when you Go Orange. This ad-free experience offers more features, more stats, and more fun while also helping to support Sporcle. Thank you for becoming a member.

Show Comments

Extras

Top Quizzes Today


Score Distribution

Your Account Isn't Verified!

In order to create a playlist on Sporcle, you need to verify the email address you used during registration. Go to your Sporcle Settings to finish the process.

Report this User

Report this user for behavior that violates our Community Guidelines.

Details: